00255nam a2200073Ia 4500008004100000100002200041245009100063260002700154201231s9999 xx 000 0 und d aChang, Richard Y. 0aMastering change management: A practical guide to turning obstacles into opportunities aNew DelhibWheeler pub